Finanční účetnictví a výkaznictví podle mezinárodních standardů IFRS
Gespeichert in:
| 1. Verfasser: | |
|---|---|
| Format: | Buch |
| Sprache: | Tschechisch |
| Veröffentlicht: |
Brno
BizBooks
2017
|
| Ausgabe: | 5. aktualizované a přepracované vydání |
| Schlagworte: | |
| Tags: |
Keine Tags, Fügen Sie das erste Tag hinzu!
|
MARC
| LEADER | 00000nam a2200000 4500 | ||
|---|---|---|---|
| 001 | 0269903 | ||
| 005 | 20240221112741.9 | ||
| 020 | |a 978-80-265-0692-8 | ||
| 041 | 0 | |a cze | |
| 044 | |a CZ | ||
| 245 | 1 | 0 | |a Finanční účetnictví a výkaznictví podle mezinárodních standardů IFRS |c Dana Dvořáková |
| 250 | |a 5. aktualizované a přepracované vydání | ||
| 264 | 1 | |a Brno |b BizBooks |c 2017 | |
| 610 | 2 | 0 | |a účtovníctvo finančné |
| 610 | 2 | 0 | |a výkazníctvo finančné |
| 610 | 2 | 0 | |a štandardy účtovné medzinárodné |
| 610 | 2 | 0 | |a harmonizácia |
| 610 | 2 | 0 | |a závierka účtovná |
| 610 | 2 | 0 | |a IFRS |
| 100 | 1 | |a Dvořáková, Dana | |